01367nam a22001697a 450000500170000000800410001702000180005805000170007610000330009324500530012626000360017930000250021550402110024050506550045165000590110665000320116520231102151902.0151126b2015 MX ||||| |||| 00| 0 spa d a9786070920585 aKGF1479bH35 aHamdan Amad, Fauzie, autor  aDerecho consursal mexicanoc / Fauzi Hamdan Amad a Méxicob : Porrúac , 2015 axvii ; 236 páginas aIncluye: Agradecimientos a la primera edición Agradecimientos a la segunda edición Prólogo Prefacio a la segunda edición Índice de contenido Bibliohemerográfia (pp. 219-224) Índice analítico aOrígenes históricos del concurso mercantil Evolución del derecho concursal mexicano La legislación concursal vigente en México Conceptos fundamentales del concurso mercantil Procedimiento para la declaración de concurso mercantil Órganos de concurso mercantil Efectos de la sentencia de concurso mercantil Reconocimiento de créditos La conciliación como institución para remediar la insolvencia del comerciante La quiebra Incidentes, recursos y medidas Concursos especiales Delitos en situación de concurso merantil Medidas preventivas para evitar el concurso mercantil y el régimen de responsabilidades de los administradores 0aCONCURSOS MERCANTILESxLEYES Y LEGISLACIÓNzMÉXICO 0aDERECHO MERCANTILzMÉXICO